<?xml version="1.0" encoding="UTF-8"?>
<collection xmlns="http://www.loc.gov/MARC21/slim">
 <record>
  <leader>03624cam a2200805 c 4500</leader>
  <controlfield tag="001">026905299</controlfield>
  <controlfield tag="003">DE-627</controlfield>
  <controlfield tag="005">20250822173331.0</controlfield>
  <controlfield tag="007">tu</controlfield>
  <controlfield tag="008">910204s1990    gw |||||      00| ||ger c</controlfield>
  <datafield tag="016" ind1="7" ind2=" ">
   <subfield code="a">901099066</subfield>
   <subfield code="2">DE-101</subfield>
  </datafield>
  <datafield tag="020" ind1=" " ind2=" ">
   <subfield code="a">3422060316</subfield>
   <subfield code="9">3-422-06031-6</subfield>
  </datafield>
  <datafield tag="035" ind1=" " ind2=" ">
   <subfield code="a">(DE-627)026905299</subfield>
  </datafield>
  <datafield tag="035" ind1=" " ind2=" ">
   <subfield code="a">(DE-576)020424892</subfield>
  </datafield>
  <datafield tag="035" ind1=" " ind2=" ">
   <subfield code="a">(DE-599)GBV026905299</subfield>
  </datafield>
  <datafield tag="035" ind1=" " ind2=" ">
   <subfield code="a">(OCoLC)231055486</subfield>
  </datafield>
  <datafield tag="035" ind1=" " ind2=" ">
   <subfield code="a">(DE-604)8036760927</subfield>
  </datafield>
  <datafield tag="040" ind1=" " ind2=" ">
   <subfield code="a">DE-627</subfield>
   <subfield code="b">ger</subfield>
   <subfield code="c">DE-627</subfield>
   <subfield code="e">rakwb</subfield>
  </datafield>
  <datafield tag="041" ind1=" " ind2=" ">
   <subfield code="a">ger</subfield>
  </datafield>
  <datafield tag="044" ind1=" " ind2=" ">
   <subfield code="c">XA-DE</subfield>
  </datafield>
  <datafield tag="050" ind1=" " ind2="0">
   <subfield code="a">N7950.N87</subfield>
  </datafield>
  <datafield tag="082" ind1="0" ind2=" ">
   <subfield code="a">704.9/482/0943324</subfield>
  </datafield>
  <datafield tag="084" ind1=" " ind2=" ">
   <subfield code="a">46</subfield>
   <subfield code="2">sdnb</subfield>
  </datafield>
  <datafield tag="084" ind1=" " ind2=" ">
   <subfield code="a">9,10</subfield>
   <subfield code="a">1</subfield>
   <subfield code="2">ssgn</subfield>
  </datafield>
  <datafield tag="084" ind1=" " ind2=" ">
   <subfield code="a">LK 55892</subfield>
   <subfield code="2">rvk</subfield>
   <subfield code="0">(DE-625)rvk/97985:13313</subfield>
  </datafield>
  <datafield tag="084" ind1=" " ind2=" ">
   <subfield code="a">21.80</subfield>
   <subfield code="2">bkl</subfield>
  </datafield>
  <datafield tag="084" ind1=" " ind2=" ">
   <subfield code="a">20.14</subfield>
   <subfield code="2">bkl</subfield>
  </datafield>
  <datafield tag="084" ind1=" " ind2=" ">
   <subfield code="a">20.70</subfield>
   <subfield code="2">bkl</subfield>
  </datafield>
  <datafield tag="100" ind1="1" ind2=" ">
   <subfield code="a">Schleif, Corine</subfield>
   <subfield code="0">(DE-588)143180207</subfield>
   <subfield code="0">(DE-627)643879641</subfield>
   <subfield code="0">(DE-576)166510769</subfield>
   <subfield code="4">aut</subfield>
  </datafield>
  <datafield tag="245" ind1="1" ind2="0">
   <subfield code="a">Donatio et memoria</subfield>
   <subfield code="b">Stifter, Stiftungen und Motivationen an Beispielen aus der Lorenzkirche in Nürnberg</subfield>
   <subfield code="c">Corine Schleif</subfield>
  </datafield>
  <datafield tag="264" ind1=" " ind2="1">
   <subfield code="a">München</subfield>
   <subfield code="b">Dt. Kunstverl.</subfield>
   <subfield code="c">1990</subfield>
  </datafield>
  <datafield tag="300" ind1=" " ind2=" ">
   <subfield code="a">288 S.</subfield>
   <subfield code="b">zahlr. Ill</subfield>
  </datafield>
  <datafield tag="336" ind1=" " ind2=" ">
   <subfield code="a">Text</subfield>
   <subfield code="b">txt</subfield>
   <subfield code="2">rdacontent</subfield>
  </datafield>
  <datafield tag="337" ind1=" " ind2=" ">
   <subfield code="a">ohne Hilfsmittel zu benutzen</subfield>
   <subfield code="b">n</subfield>
   <subfield code="2">rdamedia</subfield>
  </datafield>
  <datafield tag="338" ind1=" " ind2=" ">
   <subfield code="a">Band</subfield>
   <subfield code="b">nc</subfield>
   <subfield code="2">rdacarrier</subfield>
  </datafield>
  <datafield tag="490" ind1="1" ind2=" ">
   <subfield code="a">Kunstwissenschaftliche Studien</subfield>
   <subfield code="v">58</subfield>
  </datafield>
  <datafield tag="500" ind1=" " ind2=" ">
   <subfield code="a">Literaturverz. S. 270 - 279</subfield>
  </datafield>
  <datafield tag="583" ind1="1" ind2=" ">
   <subfield code="a">Archivierung/Langzeitarchivierung gewährleistet</subfield>
   <subfield code="f">SSG</subfield>
   <subfield code="x">XA-DE-BW</subfield>
   <subfield code="2">pdager</subfield>
   <subfield code="5">DE-21</subfield>
  </datafield>
  <datafield tag="583" ind1="1" ind2=" ">
   <subfield code="a">Archivierung/Langzeitarchivierung gewährleistet</subfield>
   <subfield code="f">SSG</subfield>
   <subfield code="x">XA-DE-BW</subfield>
   <subfield code="2">pdager</subfield>
   <subfield code="5">DE-16</subfield>
  </datafield>
  <datafield tag="648" ind1=" " ind2="4">
   <subfield code="a">Geschichte 1450-1550</subfield>
  </datafield>
  <datafield tag="650" ind1=" " ind2="4">
   <subfield code="a">Kirchenraum</subfield>
  </datafield>
  <datafield tag="653" ind1=" " ind2="0">
   <subfield code="a">a</subfield>
   <subfield code="a">Christian art and symbolism</subfield>
   <subfield code="a">Germany</subfield>
   <subfield code="a">Nuremberg</subfield>
  </datafield>
  <datafield tag="653" ind1=" " ind2="0">
   <subfield code="a">a</subfield>
   <subfield code="a">Art, German</subfield>
   <subfield code="a">Germany</subfield>
   <subfield code="a">Nuremberg</subfield>
  </datafield>
  <datafield tag="653" ind1=" " ind2="0">
   <subfield code="a">a</subfield>
   <subfield code="a">Art patrons in art</subfield>
  </datafield>
  <datafield tag="653" ind1=" " ind2="0">
   <subfield code="a">a</subfield>
   <subfield code="a">St. Lorenz-Kirche (Nuremberg, Germany)</subfield>
  </datafield>
  <datafield tag="653" ind1=" " ind2="0">
   <subfield code="a">a</subfield>
   <subfield code="a">Art patronage</subfield>
   <subfield code="a">Germany</subfield>
   <subfield code="a">Nuremberg</subfield>
  </datafield>
  <datafield tag="689" ind1="0" ind2="0">
   <subfield code="d">g</subfield>
   <subfield code="0">(DE-588)4224099-2</subfield>
   <subfield code="0">(DE-627)104989289</subfield>
   <subfield code="0">(DE-576)210295201</subfield>
   <subfield code="a">Sankt Lorenz</subfield>
   <subfield code="g">Nürnberg</subfield>
   <subfield code="2">gnd</subfield>
  </datafield>
  <datafield tag="689" ind1="0" ind2="1">
   <subfield code="d">s</subfield>
   <subfield code="0">(DE-588)4073436-5</subfield>
   <subfield code="0">(DE-627)104791268</subfield>
   <subfield code="0">(DE-576)209190450</subfield>
   <subfield code="a">Kirchenbau</subfield>
   <subfield code="2">gnd</subfield>
  </datafield>
  <datafield tag="689" ind1="0" ind2="2">
   <subfield code="d">s</subfield>
   <subfield code="0">(DE-588)4138356-4</subfield>
   <subfield code="0">(DE-627)105643300</subfield>
   <subfield code="0">(DE-576)209685352</subfield>
   <subfield code="a">Ausstattung</subfield>
   <subfield code="2">gnd</subfield>
  </datafield>
  <datafield tag="689" ind1="0" ind2="3">
   <subfield code="d">s</subfield>
   <subfield code="0">(DE-588)4057542-1</subfield>
   <subfield code="0">(DE-627)104221615</subfield>
   <subfield code="0">(DE-576)209122390</subfield>
   <subfield code="a">Stiftung</subfield>
   <subfield code="2">gnd</subfield>
  </datafield>
  <datafield tag="689" ind1="0" ind2="4">
   <subfield code="a">z</subfield>
   <subfield code="2">gnd</subfield>
   <subfield code="a">Geschichte 1450-1550</subfield>
  </datafield>
  <datafield tag="689" ind1="0" ind2=" ">
   <subfield code="5">DE-101</subfield>
  </datafield>
  <datafield tag="787" ind1="0" ind2="8">
   <subfield code="i">Rezensiert in</subfield>
   <subfield code="a">Schmid, Wolfgang</subfield>
   <subfield code="t">[Rezension von: Corine Schleif, Donatio et Memoria]</subfield>
   <subfield code="d">1992</subfield>
   <subfield code="w">(DE-627)1861169507</subfield>
  </datafield>
  <datafield tag="787" ind1="0" ind2="8">
   <subfield code="i">Rezensiert in</subfield>
   <subfield code="a">Talbot, Charles</subfield>
   <subfield code="t">[Rezension von: Schleif, Corine, Donatio et Memoria. Stifter, Stiftungen und Motivationen an Beispielen aus der Lorenzkirche in Nurnberg]</subfield>
   <subfield code="d">1993</subfield>
   <subfield code="w">(DE-627)1802337555</subfield>
  </datafield>
  <datafield tag="830" ind1=" " ind2="0">
   <subfield code="a">Kunstwissenschaftliche Studien</subfield>
   <subfield code="v">58</subfield>
   <subfield code="9">58</subfield>
   <subfield code="w">(DE-627)13019607X</subfield>
   <subfield code="w">(DE-576)000863149</subfield>
   <subfield code="w">(DE-600)530622-X</subfield>
   <subfield code="x">0170-9186</subfield>
   <subfield code="7">am</subfield>
  </datafield>
  <datafield tag="856" ind1="4" ind2="2">
   <subfield code="u">http://d-nb.info/901099066/04</subfield>
   <subfield code="m">B:DE-101</subfield>
   <subfield code="q">pdf/application</subfield>
   <subfield code="v">20161126003402</subfield>
   <subfield code="x">Verlag</subfield>
   <subfield code="3">Inhaltsverzeichnis</subfield>
   <subfield code="7">1</subfield>
  </datafield>
  <datafield tag="935" ind1=" " ind2=" ">
   <subfield code="a">mteo</subfield>
  </datafield>
  <datafield tag="935" ind1=" " ind2=" ">
   <subfield code="i">Blocktest</subfield>
  </datafield>
  <datafield tag="936" ind1="r" ind2="v">
   <subfield code="a">LK 55892</subfield>
   <subfield code="b">Kirchen, Kathedralen</subfield>
   <subfield code="k">Kunstgeschichte</subfield>
   <subfield code="k">Kunst nach Ländern bzw. Kontinenten</subfield>
   <subfield code="k">Deutschland</subfield>
   <subfield code="k">Kunsttopografie Deutschlands</subfield>
   <subfield code="k">Orte Deutschlands</subfield>
   <subfield code="k">Orte N</subfield>
   <subfield code="k">Nürnberg</subfield>
   <subfield code="k">Kirchen, Kathedralen</subfield>
   <subfield code="0">(DE-627)1271750872</subfield>
   <subfield code="0">(DE-625)rvk/97985:13313</subfield>
   <subfield code="0">(DE-576)201750872</subfield>
  </datafield>
  <datafield tag="936" ind1="b" ind2="k">
   <subfield code="a">21.80</subfield>
   <subfield code="j">Kunsthandwerk</subfield>
   <subfield code="j">Kunstgewerbe: Allgemeines</subfield>
   <subfield code="0">(DE-627)106410873</subfield>
  </datafield>
  <datafield tag="936" ind1="b" ind2="k">
   <subfield code="a">20.14</subfield>
   <subfield code="j">Kunsthandel</subfield>
   <subfield code="0">(DE-627)106406302</subfield>
  </datafield>
  <datafield tag="936" ind1="b" ind2="k">
   <subfield code="a">20.70</subfield>
   <subfield code="j">Europäische Kunst: Allgemeines</subfield>
   <subfield code="0">(DE-627)106406566</subfield>
  </datafield>
  <datafield tag="951" ind1=" " ind2=" ">
   <subfield code="a">BO</subfield>
  </datafield>
  <datafield tag="990" ind1=" " ind2=" ">
   <subfield code="a">Sankt Lorenz</subfield>
  </datafield>
  <datafield tag="990" ind1=" " ind2=" ">
   <subfield code="a">Kirchenbau</subfield>
  </datafield>
  <datafield tag="990" ind1=" " ind2=" ">
   <subfield code="a">Ausstattung</subfield>
  </datafield>
  <datafield tag="990" ind1=" " ind2=" ">
   <subfield code="a">Stiftung</subfield>
  </datafield>
  <datafield tag="990" ind1=" " ind2=" ">
   <subfield code="a">Geschichte 1450-1550</subfield>
  </datafield>
  <datafield tag="991" ind1=" " ind2=" ">
   <subfield code="a">Rezensiertes Werk</subfield>
  </datafield>
  <datafield tag="999" ind1=" " ind2=" ">
   <subfield code="a">KXP-PPN026905299</subfield>
   <subfield code="e">4460013932</subfield>
  </datafield>
 </record>
</collection>
